Todas las selecciones que han participado en la Eurocopa - Estadísticas

Estadísticas generales
  • Esta prueba ha sido intentada 145 veces
  • La puntuación promedio es 29 de 35
Estadísticas de respuestas
Nº Participaciones Mejor Puesto Selección % Correcto
14 Campeón Alemania
99%
11 Campeón España
99%
8 Campeón Portugal
99%
11 Campeón Francia
98%
10 Subcampeón Inglaterra
97%
10 Campeón Italia
96%
12 Campeón Rusia
95%
11 Campeón Países Bajos
94%
7 Semifinalista Suecia
92%
7 Subcampeón Bélgica
91%
3 1/8 Irlanda
91%
6 1/4 Suiza
90%
7 1/4 Croacia
89%
4 Campeón Grecia
88%
5 1/4 Polonia
87%
6 1/4 Rumanía
87%
4 Fase de Grupos Ucrania
87%
9 Campeón Dinamarca
86%
2 1/8 Eslovenia
86%
1 Fase de Grupos Noruega
85%
3 1/8 Eslovaquia
83%
1 Fase de Grupos Finlandia
83%
5 Semifinalista Hungría
83%
5 Subcampeón Serbia
83%
4 1/8 Austria
78%
1 Fase de Grupos Islandia
78%
2 Fase de Grupos Bulgaria
77%
4 Fase de Grupos Escocia
77%
6 Semifinalista Turquía
77%
11 Campeón República Checa
76%
2 Semifinalista Gales
75%
1 Fase de Grupos Letonia
66%
1 1/8 Irlanda del Norte
60%
1 Fase de Grupos Macedonia del Norte
54%
1 1/8 Georgia
51%
No se encontraron pruebas coincidentes
Distribución de puntuación
Porcentaje de gente con cada puntuación
Porcentaje por número respondido
Historial de tus puntuaciones
No has intentado esta prueba.